Edfou VIII /

محفوظ في:

المؤلف الرئيسي: Kurth, Dieter.

مؤلفون آخرون: Behrmann, Almuth, 1931-

التنسيق: كتاب

اللغة: German

منشور في: Wiesbaden : Harrassowitz, 1998.

سلاسل: Inschriften des Tempels von Edfu. Abteilung I, Übersetzungen, 1.

الموضوعات:

الوسوم: إضافة وسم

لا توجد وسوم, كن أول من يضع وسما على هذه التسجيلة!

رقم الطلب: PJ1526 .E2 I31 v.1

LEADER 00899nam a22002537a 4500
003 OSt
005 20251020092422.0
008 251020t1998 gw a b 000 0 ger d
020 |a 3447038624 
040 |c ARCE Library 
050 1 4 |a PJ1526 .E2  |b I31 v.1 
100 1 |a Kurth, Dieter. 
245 1 0 |a Edfou VIII /   |c Dieter Kurth ; unter Mitarbeit von Almuth Behrmann ... [et al.]. 
264 1 |a Wiesbaden :   |b Harrassowitz,   |c 1998. 
300 |a xvii, 409 p. :   |b ill. ;   |c 30 cm. 
490 0 |a Inschriften des Tempels von Edfu. Abteilung I, Übersetzungen,   |x 0937-8413 ;   |v 1. 
504 |a Includes bibliographical references (p. [xiii]-xvii). 
650 0 |a Egyptian language -- Inscriptions -- Translations into German. 
650 0 |a Inscriptions, Egyptian. 
650 0 |a Temple of Horus (Idfū, Egypt). 
700 1 |a Behrmann, Almuth,   |d 1931- 
901 |a reviewed 
942 |2 lcc  |c BK 
999 |c 50120  |d 50120